La collection: du Musée National d'Art Moderne

Uloženo v:
Podrobná bibliografie
Médium: Kniha
Jazyk:francouzština
Vydáno: París Editions du Centre Pompidou 1987
Témata:
Tagy: Přidat tag
Žádné tagy, Buďte první, kdo vytvoří štítek k tomuto záznamu!

MARC

LEADER 00000nam a2200000 a 4500
001 UCV7626
003 CL-VaPUC
008 890330e19870000FR |||||||||||||||||fre|d
082 0 4 |a 708.4  |b COL  |2 21 
245 1 3 |a La collection: du Musée National d'Art Moderne 
300 |a 619 p 
942 |c BK 
945 |d 19890330 00:00:00 
260 |a París  |b Editions du Centre Pompidou  |c 1987 
650 0 |a Museos de arte  |9 265235 
651 0 |a Francia  |9 255157 
583 |a last modification  |c 19890330 00:00:00  |k Rodrigo Vera 
999 |c 213271  |d 213269 
952 |0 0  |1 0  |4 0  |6 708_400000000000000_COL_1987  |7 0  |8 P  |9 195488  |a BIBARQ  |b BIBARQ  |d 2019-11-14  |i 2635399  |o 708.4 COL 1987  |p 2635399  |r 2025-01-20  |w 2019-11-14  |y BK  |k ARQ